Estados do Brasil por sigla - Statistics

Estatísticas Gerais
  • Esse quiz foi jogado 2 241 vezes
  • A pontuação média é 15 de 26
Estatísticas das Respostas
Hint Resposta % Correto
AC Acre
96%
AL Alagoas
94%
BA Bahia
92%
CE Ceará
90%
AP Amapá
88%
AM Amazonas
88%
DF Distrito Federal
86%
ES Espírito Santo
84%
GO Goiás
84%
MT Mato Grosso
82%
MS Mato Grosso do Sul
71%
MG Minas Gerais
70%
MA Maranhão
69%
PA Pará
69%
PB Paraiba
52%
RJ Rio de Janeiro
52%
PE Pernambuco
49%
PI Piauí
42%
RN Rio Grande do Norte
32%
RS Rio Grande do Sul
30%
SP São Paulo
22%
RO Roraima
21%
RR Rondônia
20%
SC Santa Catarina
17%
SE Sergipe
12%
TO Tocantins
12%
Nenhum quiz correspondente encontrado
Distribuição das Pontuações
Porcentagem de Pessoas com Cada Pontuação
Percentil de Números Respondidos
Sua Pontuação Histórica
Você não jogou esse quiz